| 000 | 01588nam a2200433 i 4500 | ||
|---|---|---|---|
| 001 | 32501 | ||
| 003 | KOSZ 005 | ||
| 005 | 20200302133551.0 | ||
| 008 | 980623s1997 pl a f f |000 0 pol | ||
| 015 | _aPB 1998/7752 | ||
| 020 | _a8301122765 | ||
| 035 | _a(OCoLC)749198947 | ||
| 040 |
_aWA N _cWA N _dKOSZ 005/HR |
||
| 046 | _k1997 | ||
| 080 | _a621.82/.85 | ||
| 080 | _a(075.8) | ||
| 100 | 1 |
_aDudziak, Marian _d(1941- ). _eAutor |
|
| 245 | 1 | 0 |
_aPrzekładnie cięgnowe / _cMarian Dudziak. |
| 260 |
_aWarszawa : _bWydawnictwo Naukowe PWN, _c1997. |
||
| 300 |
_a294, [1] s. : _bfot., rys., wykr. ; _c24 cm + _eDyskietka. |
||
| 336 |
_2rdacontent _aTekst _btxt |
||
| 337 |
_2rdamedia _aBez urządzenia pośredniczącego _bn |
||
| 338 |
_2rdacarrier _aWolumin _bnc |
||
| 380 | _aKsiążki | ||
| 380 | _aPublikacje dydaktyczne | ||
| 385 |
_mPoziom nauczania _aSzkoły wyższe |
||
| 388 | _a1901-2000 | ||
| 388 | _a1989-2000 | ||
| 490 | 1 | _aPodstawy Konstrukcji Maszyn. | |
| 504 | _aBibliogr., normy przy rozdz. | ||
| 521 | _aDla studentów wyższych szkół tech. kierunek mechanika, transport, automatyka, robotyka, elektrotechnika, technika rolnicza, górnictwo oraz inż. mechaników i elektryków. | ||
| 658 | _aInżynieria i technika | ||
| 655 | 4 | _aPodręczniki akademickie | |
| 650 | 4 | _aPrzekładnie cięgnowe | |
| 710 | 2 |
_aWydawnictwo Naukowe PWN _4pbl. |
|
| 830 | 0 | _aPodstawy Konstrukcji Maszyn | |
| 856 |
_uhttp://koha.tu.koszalin.pl/cgi-bin/koha/opac-detail.pl?biblionumber=32501 _yKatalog online BPK |
||
| 942 |
_2UKD _cKS |
||
| 999 |
_c32501 _d32501 |
||